| 000 | 00700nac a22002051u 4500 | ||
|---|---|---|---|
| 008 | 100906t xxu||||| |||| 00| 0 eng d | ||
| 010 | _a2001055802 | ||
| 020 | _a0072336056 (alk. paper) | ||
| 020 | _a9780071150804 | ||
| 082 | 0 | 0 |
_a004.68 _bFOR _222 |
| 100 |
_aForouzan, Behrouz A. _918258 |
||
| 245 | 1 | 0 |
_aLocal area networks / _cBehrouz A. Forouzan, with Sophia Chung Fegan. |
| 260 |
_aBoston : _bMcGraw-Hill, _cc2003. |
||
| 300 |
_axx, 618 p. : _bill. ; _c24 cm. |
||
| 440 | 0 |
_aMcGraw-Hill Forouzan networking series _918259 |
|
| 500 | _aIncludes index. | ||
| 650 | 0 |
_aLocal area networks (Computer networks) _918260 |
|
| 700 | 1 |
_aFegan, Sophia Chung. _918261 |
|
| 942 |
_cBB _k004.68 FOR _2ddc |
||
| 999 |
_c628 _d628 |
||